| 000 | 00524nam a22001817a 4500 | ||
|---|---|---|---|
| 005 | 20251108172013.0 | ||
| 008 | 250721s1997 xx 000 0 ara d | ||
| 082 | 1 | 4 | _a651.75/زيد |
| 100 | 1 | _aزيدان، جمال غانم | |
| 245 | 1 | 0 | _aإعداد و كتابة التقارير الإدارية / |
| 264 | 1 |
_aبيروت : _bدار الجيل للنشر، _c1997. |
|
| 300 | _a103ص | ||
| 650 | 1 | 7 | _aالتقارير |
| 650 | 1 | 7 | _aالكتابة |
| 650 | 1 | 7 | _aالإدارة |
| 942 |
_2ddc _cBK |
||
| 999 |
_c68028 _d68028 |
||